Vzdelanie a zamestnanosť - kľúčové oblasti integrácie Rómov

Zamestnanosť a vzdelanie v rómskych rodinách. Príčiny miery nezamestnanosti u Rómov. Tvorivosť a podnikanie u Rómov.

Salvato in:
Dettagli Bibliografici
Autore principale: Lenczová, Mária
Natura: Capitolo di libro
Lingua:slovacco
Soggetti:
Tags: Aggiungi Tag
Nessun Tag, puoi essere il primo ad aggiungerne!!

MARC

LEADER 00000naa a2200000 4500
001 r034660
005 20230807090828.5
041 0 |a slo 
044 |a SK 
245 1 0 |a Vzdelanie a zamestnanosť - kľúčové oblasti integrácie Rómov  |c Mária Lenczová 
520 |a Zamestnanosť a vzdelanie v rómskych rodinách. Príčiny miery nezamestnanosti u Rómov. Tvorivosť a podnikanie u Rómov. 
610 2 0 |a zamestnanosť 
610 2 0 |a Rómovia 
610 2 0 |a trh práce 
610 2 0 |a vzdelanie 
610 2 0 |a integrácia sociálna 
610 2 0 |a rodina 
610 2 0 |a podnikanie 
100 1 |a Lenczová, Mária